Webb's Postal Stationery Catalogue of Canada and Newfoundland (Record no. 551)

000 -LEADER
fixed length control field 00325nam a22001217a 4500
003 - CONTROL NUMBER IDENTIFIER
control field OSt
008 - FIXED-LENGTH DATA ELEMENTS--GENERAL INFORMATION
fixed length control field 140419b xxu||||| |||| 00| 0 eng d
041 ## - LANGUAGE CODE
Language code of text/sound track or separate title eng
245 10 - TITLE STATEMENT
Title Webb's Postal Stationery Catalogue of Canada and Newfoundland
260 ## - PUBLICATION, DISTRIBUTION, ETC. (IMPRINT)
Place of publication, distribution, etc. Toronto, Canada
Name of publisher, distributor, etc. Unitrade Press
300 ## - PHYSICAL DESCRIPTION
Extent 136 pages
700 1# - ADDED ENTRY--PERSONAL NAME
Personal name Covert, Earle L.
Holdings
Withdrawn status Lost status Materials specified (bound volume or other part) Damaged status Not for loan Collection code Permanent Location Current Location Date acquired Total Checkouts Full call number Barcode Date last seen Price effective from Koha item type
    Soft Cover     Richard Drews Northern Philatelic Library Northern Philatelic Library 04/19/2014   CAN C26 Web 1000674 06/27/2015 06/27/2015 Books

Powered by Koha